NewJeans - Quiz Ultime - Statistiques

Statistiques générales
  • Ce quiz a été pris 12 fois
  • Le résultat moyen est 34 sur 73
Statistiques - réponses
Hint Réponse % Correct
Informations générales Année de début 2022
100%
Informations générales Nom de leur label / sous-agence ADOR
100%
Informations générales Nom des fans Bunnies
100%
Informations générales Nom de leur agence HYBE
100%
Informations générales Animal mascotte Lapin
90%
Informations générales Nom par lequel le groupe voulait se renommer après la rupture du contrat NJZ
90%
Début 1ère chanson réalisée Attention
80%
Hyein Couleur de son lapin Bleu
80%
Minji Couleur Bleu
80%
Danielle Couleur Jaune
80%
Minji Couleur de son lapin Jaune
80%
Hanni Couleur Rose
80%
Hanni Couleur de son lapin Rose
80%
Danielle Couleur de son lapin Vert
80%
Haerin Couleur Vert
80%
Hyein Couleur Violet
80%
Autres Année du début du procès 2025
70%
Danielle Nationalité Australie / Corée du Sud
70%
Autres Membre virée du groupe Danielle
70%
Minji Nom complet Kim Min-ji
70%
Autres Membre la plus âgée Minji
70%
Autres Année de la rupture du contrat avec le label 2024
60%
Autres Nombre de membre uniquement coréenne 3
60%
Hanni Nationalité Australie / Viet Nam
60%
Haerin Nationalité Corée du Sud
60%
Hyein Nationalité Corée du Sud
60%
Minji Nationalité Corée du Sud
60%
Autres Groupe accusé de les avoir copier Illit
60%
Haerin Nom complet Kang Hae-rin
60%
Hyein Nom complet Lee Hye-in
60%
Haerin Couleur de son lapin Blanc
50%
Haerin Animal préféré Chat
50%
Albums 2022 New Jeans
50%
Début 1ère chanson en japonais Supernatural
50%
Albums 2024 Supernatural
50%
Haerin Signe astrologique Taureau
50%
Hyein Signe astrologique Taureau
50%
Minji Signe astrologique Taureau
50%
Danielle Nom complet Danielle Marsh
40%
Hanni Instrument qu'elle joue Guitare
40%
Hyein Position Maknae
40%
Autres Nom de la femme à la tête de leur label Min Hee-jin
40%
Informations générales Concept du groupe Y2K / Teenage
40%
Hyein Anniversaire 21 avril 2008
30%
Début Date de début 22 juillet 2022
30%
Haerin Position Chanteuse
30%
Hanni Position Chanteuse
30%
Danielle Position Chanteuse / Danseuse
30%
Albums 2024 How Sweet
30%
Danielle Agence où elle s'entrainait avant YG Entertainment
30%
Haerin Anniversaire 15 mai 2006
20%
Minji Anniversaire 7 mai 2004
20%
Hanni Signe astrologique Balance
20%
Danielle Signe astrologique Bélier
20%
Hanni De quel groupe BTS
20%
Minji De quel groupe BTS
20%
Hanni Nom complet Hanni Pham
20%
Minji Position Leader / Rappeuse
20%
Hanni Clip dans lequel elle est révélé avant de débuter Permission to Dance
20%
Minji Clip dans lequel elle est révélé avant de débuter Permission to Dance
20%
Danielle Anniversaire 11 avril 2005
10%
Hanni Anniversaire 6 octobre 2004
10%
Hyein Dans quel groupe est-elle aujourd'hui BABYMONSTER
10%
Albums 2023 Get Up
10%
Haerin Surnom Kitty Kang
10%
Danielle Activité qu'elle pratiquait enfant Mannequin
10%
Hyein Avec quelle autre idole était-elle dans ce groupe Rora
10%
Autres Date de son virement 29 décembre 2025
0%
Autres Record du Guinness World Records qu'elles ont atteint en 7 mois 1 milliard de streams cumulés sur Spotify
0%
Hyein Groupe d'enfant dont elle faisait partie entre 2020 et 2021 Play with me Club
0%
Autres Agence où toutes les membres étaient avant Source Music
0%
Hyein Prénom sous lequel elle était appelé U.jeong
0%
Hyein Groupe d'enfant dont elle faisait partie U.SSO Girl
0%
Aucun quiz correspondant
Distribution des résultats
% des personnes avec chaque résultat
Percentile par nombre de réponses
Votre historique - résultats
Vous n’avez pas pris ce quiz